01752 a2200205 45000010006000000050017000060080041000230030015000640400040000790800124001192450026002430200022002692500012002912640029003033000032003325051124003640410008014881000019014967000031015154557820260407155728.0260407a1973 arg spa dAR-UNSa-BCEJYS aAR-UNSa-BCEJYSbspacAR-UNSa-BCEJYS a330.101xCiencia económica en general. La economía y sus problemas. Objeto y métodos de la economía política 10aEconomía política a978-84-344-0036-8 a7a. ed. 1aBarcelona :bArielc1973 a2 v. (520 ; 667 p.)c23 cm. aVol.I: INTRODUCCIÓN GENERAL : 1. Objeto e historia de la ciencia económica – 2. La evolución histórica de la actividad económica – 3. La actividad económica en el marco de la nación - - PRIMERA PARTE : El producto nacional : 1. La formación del producto nacional – 2. Los precios de los bienes y servicios - - Vol.II: SEGUNDA PARTE : La renta nacional : Su distribución : 1. Aspectos generales de la teoría de la distribución – 2. La distribución de la renta en una economía descentralizada capitalista – 3. La distribución de la renta en una economía centralizada colectivista - - TERCERA PARTE : El gasto nacional : 1. El dinero – 2. El gasto nacional y la teoría general de la renta global – 3. El gasto nacional y el nivel general de los precios – 4. El gasto nacional en las economías colectivistas centralizadas - - CUARTA PARTE : La actividad económica y las relaciones económicas internacionales : 1. Estructura económica y balanzas de pagos – 2. La teoría de los cambios internacionales – 3. Las políticas comerciales : Evolución y métodos.  aspa1 aBarre, Raymond1 aGarcia Lomas, Jose Ignacio